[Event "Moscow Open A,B"]
[Site "?"]
[Date "2017.01.31"]
[Round "4.4"]
[White "Sjugirov, Sanan"]
[Black "Faizrakhmanov, Ramil"]
[Result "0-1"]
[BlackElo "2432"]
[WhiteElo "2673"]
[LiveChessVersion "1.4.8"]

1. e4 {[%clk 1:30:52]} e5 {[%clk 1:30:35]} 2. Nf3 {[%clk 1:31:07]} Nc6
{[%clk 1:30:49]} 3. Bc4 {[%clk 1:31:00]} Bc5 {[%clk 1:29:48]} 4. O-O
{[%clk 1:30:34]} Nf6 {[%clk 1:29:45]} 5. d3 {[%clk 1:30:53]} d6 {[%clk 1:28:49]}
6. c3 {[%clk 1:30:54]} O-O {[%clk 1:27:17]} 7. Bg5 {[%clk 1:30:36]} h6
{[%clk 1:18:27]} 8. Bh4 {[%clk 1:29:54]} g5 {[%clk 1:13:36]} 9. Bg3
{[%clk 1:29:49]} Bg4 {[%clk 1:06:49]} 10. Nbd2 {[%clk 1:24:41]} Nh5
{[%clk 1:05:58]} 11. Kh1 {[%clk 1:24:18]} Qf6 {[%clk 1:05:10]} 12. b4
{[%clk 1:16:22]} Bb6 {[%clk 1:05:08]} 13. a4 {[%clk 1:16:06]} a5 {[%clk 0:58:28]}
14. b5 {[%clk 1:14:31]} Ne7 {[%clk 0:58:31]} 15. h3 {[%clk 1:03:16]} Be6
{[%clk 0:51:41]} 16. Bh2 {[%clk 0:40:54]} Ng7 {[%clk 0:43:27]} 17. d4
{[%clk 0:37:03]} Ng6 {[%clk 0:42:29]} 18. dxe5 {[%clk 0:31:32]} dxe5
{[%clk 0:41:47]} 19. Bd5 {[%clk 0:31:56]} Rad8 {[%clk 0:36:11]} 20. Nc4
{[%clk 0:29:25]} Bxd5 {[%clk 0:28:37]} 21. exd5 {[%clk 0:29:49]} Rfe8
{[%clk 0:18:12]} 22. Nfd2 {[%clk 0:29:29]} Nf4 {[%clk 0:16:09]} 23. d6
{[%clk 0:27:02]} e4 {[%clk 0:10:18]} 24. Bxf4 {[%clk 0:20:14]} gxf4
{[%clk 0:07:54]} 25. Re1 {[%clk 0:14:48]} e3 {[%clk 0:04:11]} 26. fxe3
{[%clk 0:13:54]} fxe3 {[%clk 0:04:19]} 27. Nf1 {[%clk 0:14:04]} Nf5
{[%clk 0:03:49]} 28. Qf3 {[%clk 0:12:43]} Qg6 {[%clk 0:00:31]} 29. Rad1
{[%clk 0:07:47]} Nxd6 {[%clk 0:00:38]} 30. Nxb6 {[%clk 0:07:28]} cxb6
{[%clk 0:01:05]} 31. Rxe3 {[%clk 0:03:06]} Rxe3 {[%clk 0:01:09]} 32. Nxe3
{[%clk 0:03:23]} Re8 {[%clk 0:01:23]} 33. Kg1 {[%clk 0:01:38]} Ne4
{[%clk 0:01:21]} 34. Nf5 {[%clk 0:00:46]} Ng5 {[%clk 0:01:06]} 35. Qd3
{[%clk 0:01:08]} Kh7 {[%clk 0:00:57]} 36. h4 {[%clk 0:00:56]} Ne4
{[%clk 0:01:05]} 37. Qf3 {[%clk 0:01:08]} Nxc3 {[%clk 0:00:35]} 38. Rd6
{[%clk 0:00:44]} Re6 {[%clk 0:00:49]} 39. Rd7 {[%clk 0:00:34]} Rf6
{[%clk 0:00:45]} 40. g4 {[%clk 0:30:32]} h5 {[%clk 0:30:50]} 41. Qxc3
{[%clk 0:10:15]} Rxf5 {[%clk 0:30:54]} 42. g5 {[%clk 0:08:32]} Rf4
{[%clk 0:26:08]} 43. Qd3 {[%clk 0:08:59]} Qxd3 {[%clk 0:25:57]} 44. Rxd3
{[%clk 0:09:28]} Rxh4 {[%clk 0:24:54]} 45. Rd6 {[%clk 0:09:18]} Rxa4
{[%clk 0:24:55]} 46. Rxb6 {[%clk 0:09:44]} Rb4 {[%clk 0:24:51]} 47. Rxb7
{[%clk 0:10:00]} Kg6 {[%clk 0:24:27]} 48. b6 {[%clk 0:09:45]} Kxg5
{[%clk 0:24:19]} 49. Rb8 {[%clk 0:05:39]} f5 {[%clk 0:24:27]} 50. b7
{[%clk 0:05:59]} Kf4 {[%clk 0:24:30]} 51. Kg2 {[%clk 0:06:21]} Rb1
{[%clk 0:17:36]} 52. Kh2 {[%clk 0:06:48]} Rb3 {[%clk 0:12:33]} 53. Kg2
{[%clk 0:06:58]} h4 {[%clk 0:12:33]} 54. Kh2 {[%clk 0:03:09]} h3 {[%clk 0:12:49]}
55. Kg1 {[%clk 0:01:32]} Rb2 {[%clk 0:12:10]} 56. Kh1 {[%clk 0:01:53]} a4
{[%clk 0:12:10]} 57. Ra8 {[%clk 0:01:45]} Rxb7 {[%clk 0:12:28]} 58. Rxa4+
{[%clk 0:02:11]} Kg3 {[%clk 0:12:54]} 59. Ra3+ {[%clk 0:02:33]} Kg4
{[%clk 0:13:10]} 60. Ra8 {[%clk 0:02:30]} Rb1+ {[%clk 0:11:58]} 61. Kh2
{[%clk 0:02:56]} Rb2+ {[%clk 0:12:24]} 62. Kh1 {[%clk 0:02:35]} f4
{[%clk 0:11:14]} 63. Rg8+ {[%clk 0:03:00]} Kf3 {[%clk 0:11:13]} 64. Rh8
{[%clk 0:03:21]} Kg3 {[%clk 0:10:52]} 65. Rg8+ {[%clk 0:03:40]} Kf2
{[%clk 0:11:04]} 66. Kh2 {[%clk 0:02:57]} f3 {[%clk 0:10:03]} 67. Ra8
{[%clk 0:02:09]} Kf1+ {[%clk 0:08:43]} 68. Kxh3 {[%clk 0:02:21]} Rb1
{[%clk 0:08:39]} 69. Kg3 {[%clk 0:01:08]} f2 {[%clk 0:08:17]} 70. Ra2
{[%clk 0:01:33]} Rb3+ {[%clk 0:08:42]} 71. Kh2 {[%clk 0:02:00]} Re3
{[%clk 0:08:41]} 72. Ra1+ {[%clk 0:01:49]} Re1 {[%clk 0:09:07]} 73. Ra2
{[%clk 0:01:42]} Re8 {[%clk 0:09:18]} 74. Ra1+ {[%clk 0:01:31]} Ke2
{[%clk 0:09:38]} 75. Ra2+ {[%clk 0:01:32]} Kf3 {[%clk 0:10:02]} 0-1

[Event "Moscow Open A,B"]
[Site "?"]
[Date "2017.01.31"]
[Round "4.7"]
[White "Volkov, Sergey"]
[Black "Shevchenko, Kirill"]
[Result "1/2-1/2"]
[BlackElo "2453"]
[WhiteElo "2617"]
[LiveChessVersion "1.4.8"]

1. d4 {[%clk 1:30:53]} Nf6 {[%clk 1:30:55]} 2. c4 {[%clk 1:31:14]} e6
{[%clk 1:31:20]} 3. Nf3 {[%clk 1:31:30]} b6 {[%clk 1:31:35]} 4. g3
{[%clk 1:31:50]} Bb7 {[%clk 1:31:59]} 5. Bg2 {[%clk 1:32:07]} Be7
{[%clk 1:32:22]} 6. O-O {[%clk 1:32:26]} O-O {[%clk 1:32:48]} 7. Re1
{[%clk 1:32:38]} Ne4 {[%clk 1:32:39]} 8. Nfd2 {[%clk 1:32:38]} d5
{[%clk 1:32:53]} 9. cxd5 {[%clk 1:32:48]} exd5 {[%clk 1:33:18]} 10. Nxe4
{[%clk 1:32:55]} dxe4 {[%clk 1:33:43]} 11. Nc3 {[%clk 1:33:18]} f5
{[%clk 1:34:03]} 12. Bf4 {[%clk 1:33:37]} Bd6 {[%clk 1:34:09]} 13. Bxd6
{[%clk 1:34:00]} Qxd6 {[%clk 1:34:34]} 14. e3 {[%clk 1:34:22]} a6
{[%clk 1:28:39]} 15. f3 {[%clk 1:33:27]} exf3 {[%clk 1:27:46]} 16. Bxf3
{[%clk 1:33:38]} Bxf3 {[%clk 1:16:21]} 17. Qxf3 {[%clk 1:33:49]} Nd7
{[%clk 1:16:45]} 18. Qd5+ {[%clk 1:33:43]} Kh8 19. Qxd6 {[%clk 1:28:29]} cxd6
{[%clk 1:10:57]} 20. Nd5 {[%clk 1:28:53]} g6 {[%clk 1:06:38]} 21. Rec1
{[%clk 1:17:15]} Rfc8 {[%clk 0:56:46]} 22. a4 {[%clk 1:06:00]} Rab8
{[%clk 0:53:14]} 23. b4 {[%clk 0:58:44]} Kg7 {[%clk 0:46:18]} 24. b5
{[%clk 0:51:47]} axb5 {[%clk 0:40:15]} 25. axb5 {[%clk 0:50:32]} Ra8
{[%clk 0:40:32]} 26. h4 {[%clk 0:47:06]} Kf7 {[%clk 0:39:34]} 27. Kf2
{[%clk 0:47:18]} Rxa1 {[%clk 0:25:27]} 28. Rxc8 {[%clk 0:45:38]} Ke6
{[%clk 0:25:01]} 29. Nf4+ {[%clk 0:42:44]} Ke7 {[%clk 0:25:00]} 30. g4
{[%clk 0:41:48]} fxg4 {[%clk 0:13:56]} 31. Nd5+ {[%clk 0:41:43]} Ke6
{[%clk 0:13:56]} 32. e4 {[%clk 0:41:58]} Nf6 {[%clk 0:14:07]} 33. Nxf6
{[%clk 0:42:16]} Kxf6 {[%clk 0:14:33]} 34. Rc6 {[%clk 0:42:41]} Ke7
{[%clk 0:14:36]} 35. Rxb6 {[%clk 0:40:57]} Ra4 {[%clk 0:12:02]} 36. Rb8 Rxd4 37.
b6 Kd7 38. Rh8 Kc6 39. Ke3 Rd1 40. Rxh7 Kxb6 41. Rh6 Rh1 42. Kf4 Kc5 43. Kxg4
Rg1+ 44. Kf3 Kd4 45. h5 gxh5 46. Rxd6+ Ke5 47. Rd5+ Ke6 48. Rxh5 Rf1+ 49. Ke2 Ra1
50. Rd5 Ra2+ 51. Ke3 Ra1 52. Rd3 Ke5 53. Rd5+ Ke6 54. Rd8 Re1+ 55. Kf3 Rf1+ 56.
Ke2 Ra1 57. Re8+ Kf7 1/2-1/2

[Event "Moscow Open A,B"]
[Site "?"]
[Date "2017.01.31"]
[Round "4.8"]
[White "Rozum, Ivan"]
[Black "Oganian, Miran"]
[Result "1-0"]
[BlackElo "2452"]
[WhiteElo "2601"]
[LiveChessVersion "1.4.8"]

1. d4 {[%clk 1:30:54]} Nf6 {[%clk 1:30:46]} 2. c4 {[%clk 1:31:13]} e6
{[%clk 1:31:08]} 3. g3 {[%clk 1:31:34]} d5 {[%clk 1:31:10]} 4. Nf3
{[%clk 1:31:58]} Be7 {[%clk 1:31:34]} 5. Bg2 {[%clk 1:32:22]} O-O
{[%clk 1:31:59]} 6. O-O {[%clk 1:32:45]} dxc4 {[%clk 1:32:25]} 7. Qc2
{[%clk 1:33:11]} b6 {[%clk 1:32:31]} 8. Rd1 {[%clk 1:16:04]} Bb7 {[%clk 1:32:03]}
9. Nc3 {[%clk 1:15:02]} Nc6 {[%clk 1:17:02]} 10. e3 {[%clk 1:04:48]} a6
{[%clk 1:03:07]} 11. Qe2 {[%clk 0:58:39]} b5 {[%clk 1:01:56]} 12. a4
{[%clk 0:55:09]} Nd5 {[%clk 0:59:26]} 13. Rb1 {[%clk 0:50:59]} b4
{[%clk 0:55:44]} 14. Ne4 {[%clk 0:49:14]} c3 {[%clk 0:43:02]} 15. Ne1
{[%clk 0:44:53]} f5 {[%clk 0:30:52]} 16. Nc5 {[%clk 0:44:32]} Bxc5
{[%clk 0:31:05]} 17. dxc5 {[%clk 0:44:58]} Qe7 {[%clk 0:26:37]} 18. Bxd5
{[%clk 0:41:13]} exd5 {[%clk 0:26:54]} 19. bxc3 {[%clk 0:41:19]} Qxc5
{[%clk 0:24:26]} 20. cxb4 {[%clk 0:38:58]} Nxb4 {[%clk 0:22:40]} 21. Nd3
{[%clk 0:35:51]} Nxd3 {[%clk 0:21:43]} 22. Qxd3 {[%clk 0:36:16]} Qa7
{[%clk 0:17:39]} 23. Ba3 {[%clk 0:34:55]} Rf7 {[%clk 0:17:43]} 24. Rdc1
{[%clk 0:31:35]} a5 {[%clk 0:12:30]} 25. Qb5 {[%clk 0:23:23]} c6 {[%clk 0:11:37]}
26. Qb6 {[%clk 0:23:43]} Rd7 {[%clk 0:02:58]} 27. Bc5 {[%clk 0:21:21]} Qxb6
{[%clk 0:01:40]} 28. Rxb6 {[%clk 0:21:40]} Ba6 {[%clk 0:01:49]} 29. Rcb1
{[%clk 0:19:42]} Rc7 {[%clk 0:01:20]} 30. f3 {[%clk 0:16:21]} Kf7
{[%clk 0:01:24]} 31. Kf2 {[%clk 0:16:23]} Ke6 {[%clk 0:01:33]} 32. Ke1
{[%clk 0:16:43]} g5 {[%clk 0:01:04]} 33. Kd2 {[%clk 0:16:01]} h5 {[%clk 0:00:53]}
34. h4 {[%clk 0:15:20]} f4 {[%clk 0:00:34]} 35. exf4 {[%clk 0:13:52]} gxf4
{[%clk 0:00:59]} 36. Re1+ {[%clk 0:14:03]} Kf7 {[%clk 0:00:35]} 37. Bd6
{[%clk 0:13:38]} Rcc8 {[%clk 0:00:35]} 38. Bxf4 {[%clk 0:13:30]} d4
{[%clk 0:00:37]} 39. Re5 {[%clk 0:42:42]} c5 {[%clk 0:30:31]} 40. Rf5+
{[%clk 0:37:54]} Ke8 {[%clk 0:30:33]} 41. Re6+ {[%clk 0:34:59]} Kd7
{[%clk 0:30:33]} 42. Rd6+ {[%clk 0:35:16]} Ke7 {[%clk 0:30:43]} 43. Rxh5
{[%clk 0:35:01]} Bc4 {[%clk 0:30:47]} 44. Rh7+ {[%clk 0:34:35]} Bf7
{[%clk 0:25:52]} 45. Rb6 {[%clk 0:31:14]} Ra7 {[%clk 0:25:25]} 46. Bd6+
{[%clk 0:29:50]} Ke8 {[%clk 0:25:31]} 47. Rh8+ {[%clk 0:24:02]} Kd7
{[%clk 0:25:54]} 48. Rxc8 {[%clk 0:24:27]} Kxc8 {[%clk 0:26:20]} 49. Rb8+
{[%clk 0:23:21]} Kd7 {[%clk 0:26:36]} 50. Bxc5 {[%clk 0:23:45]} Rc7
{[%clk 0:26:45]} 51. Rb5 {[%clk 0:23:42]} Bc4 {[%clk 0:22:55]} 52. Rxa5
{[%clk 0:23:59]} Rb7 {[%clk 0:23:11]} 53. Ra7 {[%clk 0:22:35]} Rxa7
{[%clk 0:23:33]} 54. Bxa7 {[%clk 0:23:01]} d3 {[%clk 0:23:45]} 55. Bd4
{[%clk 0:23:16]} Bd5 {[%clk 0:24:01]} 56. f4 {[%clk 0:22:54]} Be4
{[%clk 0:24:25]} 57. Bc3 {[%clk 0:22:45]} Ke6 {[%clk 0:24:03]} 58. Ke3
{[%clk 0:23:11]} Kd5 59. Kxe4+ 1-0

[Event "Moscow Open A,B"]
[Site "?"]
[Date "2017.01.31"]
[Round "4.14"]
[White "Atabayev, Maksat"]
[Black "Odeev, Handszar"]
[Result "1/2-1/2"]
[BlackElo "2397"]
[WhiteElo "2492"]
[LiveChessVersion "1.4.8"]

1. e4 {[%clk 1:27:25]} c5 {[%clk 1:30:45]} 2. c3 {[%clk 1:27:44]} Qa5
{[%clk 1:21:57]} 3. Nf3 {[%clk 1:27:46]} d6 {[%clk 1:21:52]} 4. h3
{[%clk 1:27:54]} Nf6 {[%clk 1:21:56]} 5. d3 {[%clk 1:28:20]} g6 {[%clk 1:19:30]}
6. Be2 {[%clk 1:28:47]} Bg7 {[%clk 1:18:38]} 7. O-O {[%clk 1:29:16]} O-O
{[%clk 1:16:31]} 8. Re1 {[%clk 1:28:37]} Nc6 {[%clk 1:12:47]} 9. Bf1
{[%clk 1:29:05]} e5 {[%clk 1:06:54]} 10. a3 {[%clk 1:29:09]} d5 {[%clk 1:02:12]}
11. b4 {[%clk 1:27:58]} cxb4 {[%clk 0:58:03]} 12. cxb4 {[%clk 1:27:42]} Qb6
{[%clk 0:56:04]} 13. Nbd2 {[%clk 1:22:18]} Be6 {[%clk 0:48:40]} 14. Bb2
{[%clk 1:04:20]} a5 {[%clk 0:34:54]} 15. exd5 {[%clk 0:52:46]} Bxd5
{[%clk 0:35:18]} 16. Nxe5 {[%clk 0:53:11]} Nxe5 {[%clk 0:25:41]} 17. Bxe5
{[%clk 0:52:43]} axb4 {[%clk 0:26:09]} 18. Qb1 {[%clk 0:51:11]} Rfe8
{[%clk 0:12:55]} 19. axb4 {[%clk 0:43:30]} Rxa1 {[%clk 0:13:01]} 20. Qxa1
{[%clk 0:43:59]} Qxb4 {[%clk 0:12:36]} 21. Re2 {[%clk 0:36:36]} Nh5
{[%clk 0:06:34]} 22. Bxg7 {[%clk 0:32:47]} Nxg7 {[%clk 0:06:12]} 23. Rxe8+
{[%clk 0:32:01]} Nxe8 {[%clk 0:06:39]} 24. Qe5 {[%clk 0:32:23]} Bc6
{[%clk 0:05:12]} 25. Ne4 {[%clk 0:32:47]} Qb5 {[%clk 0:01:27]} 26. Nc5
{[%clk 0:31:42]} Qb6 {[%clk 0:00:34]} 27. d4 {[%clk 0:30:22]} Qc7
{[%clk 0:00:35]} 28. Qe3 {[%clk 0:30:08]} Nf6 {[%clk 0:00:41]} 29. Bc4
{[%clk 0:27:46]} b6 {[%clk 0:00:54]} 30. Na6 {[%clk 0:26:43]} Qd6
{[%clk 0:00:47]} 31. Qe5 {[%clk 0:26:45]} Qxe5 {[%clk 0:00:33]} 32. dxe5
{[%clk 0:27:14]} Nd7 {[%clk 0:00:42]} 33. f4 {[%clk 0:27:36]} Kf8
{[%clk 0:00:47]} 34. Nb4 {[%clk 0:27:54]} Be4 {[%clk 0:00:34]} 35. Kf2
{[%clk 0:27:00]} Ke7 {[%clk 0:00:06]} 36. Bd5 {[%clk 0:27:23]} Bxd5
{[%clk 0:00:38]} 37. Nxd5+ {[%clk 0:27:51]} Ke6 {[%clk 0:00:51]} 38. Nc7+
{[%clk 0:28:18]} Ke7 {[%clk 0:01:03]} 39. Ke3 {[%clk 0:28:39]} g5
{[%clk 0:00:36]} 40. fxg5 {[%clk 0:57:29]} Nxe5 {[%clk 0:30:57]} 41. Nd5+
{[%clk 0:57:01]} Ke6 {[%clk 0:29:26]} 42. Ke4 {[%clk 0:57:01]} Nd7
{[%clk 0:24:59]} 43. Nf4+ {[%clk 0:53:52]} Ke5+ 1/2-1/2

[Event "Moscow Open A,B"]
[Site "?"]
[Date "2017.02.01"]
[Round "5.1"]
[White "Faizrakhmanov, Ramil"]
[Black "Grachev, Boris"]
[Result "0-1"]
[BlackElo "2650"]
[WhiteElo "2432"]
[LiveChessVersion "1.4.8"]

1. d4 {[%clk 1:30:57]} Nf6 {[%clk 1:24:58]} 2. c4 {[%clk 1:31:08]} e6
{[%clk 1:25:23]} 3. Nf3 {[%clk 1:31:06]} d5 {[%clk 1:25:40]} 4. Nc3
{[%clk 1:31:04]} a6 {[%clk 1:26:06]} 5. cxd5 {[%clk 1:27:58]} exd5
{[%clk 1:26:11]} 6. Bg5 {[%clk 1:27:50]} Be6 {[%clk 1:26:30]} 7. e3
{[%clk 1:26:15]} Nbd7 {[%clk 1:26:17]} 8. Bd3 {[%clk 1:24:25]} Bd6
{[%clk 1:26:40]} 9. O-O {[%clk 1:22:46]} O-O {[%clk 1:27:01]} 10. e4
{[%clk 1:15:00]} dxe4 {[%clk 1:26:03]} 11. Bxe4 {[%clk 1:14:44]} Qb8
{[%clk 1:13:04]} 12. d5 {[%clk 1:07:56]} Bg4 {[%clk 1:09:43]} 13. h3
{[%clk 1:02:56]} Bh5 {[%clk 1:08:21]} 14. g4 {[%clk 0:58:51]} Bg6
{[%clk 1:05:29]} 15. Bxg6 {[%clk 0:58:19]} hxg6 {[%clk 1:05:52]} 16. Qd2
{[%clk 0:53:23]} Re8 {[%clk 0:51:55]} 17. Rfe1 {[%clk 0:47:26]} Rxe1+
{[%clk 0:51:16]} 18. Rxe1 {[%clk 0:47:36]} Qf8 {[%clk 0:51:43]} 19. a3
{[%clk 0:37:58]} Re8 {[%clk 0:51:26]} 20. Kf1 {[%clk 0:31:19]} Rxe1+
{[%clk 0:45:32]} 21. Qxe1 {[%clk 0:31:16]} Nb6 {[%clk 0:41:49]} 22. Bxf6
{[%clk 0:27:55]} gxf6 {[%clk 0:41:42]} 23. Qe4 {[%clk 0:21:05]} Qh6
{[%clk 0:36:25]} 24. Kg2 {[%clk 0:14:39]} Qf4 {[%clk 0:31:59]} 25. Qd3
{[%clk 0:10:35]} Qc4 {[%clk 0:29:37]} 26. Qd2 {[%clk 0:08:32]} Kg7
{[%clk 0:28:04]} 27. Nd4 {[%clk 0:02:04]} Nxd5 {[%clk 0:23:45]} 28. Nf5+
{[%clk 0:02:04]} gxf5 {[%clk 0:24:10]} 29. Qxd5 {[%clk 0:02:29]} Qf4
{[%clk 0:19:48]} 30. gxf5 {[%clk 0:02:24]} Qh2+ {[%clk 0:16:37]} 31. Kf1
{[%clk 0:02:46]} Qxh3+ {[%clk 0:17:03]} 32. Ke2 {[%clk 0:02:37]} Qg4+
{[%clk 0:15:31]} 33. Kf1 {[%clk 0:02:35]} b5 {[%clk 0:13:58]} 34. Qd3
{[%clk 0:01:22]} Be5 {[%clk 0:13:39]} 35. Nd5 {[%clk 0:01:34]} c5
{[%clk 0:10:28]} 36. Ne7 {[%clk 0:01:27]} Bxb2 {[%clk 0:06:54]} 37. Qd8
{[%clk 0:01:45]} Qh3+ {[%clk 0:07:20]} 38. Ke2 {[%clk 0:01:55]} Qh8
{[%clk 0:07:32]} 39. Qd3 {[%clk 0:00:35]} Qh5+ {[%clk 0:06:06]} 40. Kf1
{[%clk 0:30:43]} Bd4 {[%clk 0:34:39]} 41. Qg3+ {[%clk 0:30:32]} Qg5
{[%clk 0:30:03]} 42. Qb8 {[%clk 0:30:43]} Qh4 {[%clk 0:21:47]} 43. Qg8+
{[%clk 0:29:01]} Kh6 {[%clk 0:21:01]} 44. Qh8+ {[%clk 0:15:11]} Kg5
{[%clk 0:21:26]} 45. Qg8+ {[%clk 0:13:17]} Kf4 {[%clk 0:21:34]} 46. Qg2
{[%clk 0:11:14]} Qg4 {[%clk 0:19:55]} 47. Qa8 {[%clk 0:11:30]} Bxf2
{[%clk 0:14:18]} 48. Kxf2 {[%clk 0:02:02]} Qg3+ {[%clk 0:14:34]} 49. Kf1
{[%clk 0:02:27]} Qd3+ {[%clk 0:14:43]} 50. Kg2 {[%clk 0:02:26]} Qe2+
{[%clk 0:15:03]} 51. Kh3 {[%clk 0:02:46]} Qxe7 {[%clk 0:14:43]} 52. Qxa6
{[%clk 0:03:09]} Qe3+ {[%clk 0:14:04]} 53. Kg2 {[%clk 0:03:31]} Qe2+
{[%clk 0:13:13]} 54. Kh3 {[%clk 0:02:40]} Kf3 {[%clk 0:12:26]} 55. Qa8+
{[%clk 0:02:49]} Qe4 {[%clk 0:12:50]} 0-1

[Event "Moscow Open A,B"]
[Site "?"]
[Date "2017.02.01"]
[Round "5.5"]
[White "Paravyan, David"]
[Black "Golubov, Saveliy"]
[Result "1/2-1/2"]
[BlackElo "2487"]
[WhiteElo "2540"]
[LiveChessVersion "1.4.8"]

1. e4 {[%clk 1:25:57]} c6 {[%clk 1:28:28]} 2. d4 {[%clk 1:26:02]} d5
{[%clk 1:28:48]} 3. Nd2 {[%clk 1:24:48]} dxe4 {[%clk 1:22:43]} 4. Nxe4
{[%clk 1:24:50]} Nd7 {[%clk 1:22:33]} 5. Ng5 {[%clk 1:20:29]} Ngf6
{[%clk 1:19:48]} 6. Bd3 {[%clk 1:20:42]} e6 {[%clk 1:18:52]} 7. N1f3
{[%clk 1:21:09]} Bd6 {[%clk 1:18:04]} 8. Qe2 {[%clk 1:20:55]} h6 {[%clk 1:16:58]}
9. Ne4 {[%clk 1:21:19]} Nxe4 {[%clk 1:17:18]} 10. Qxe4 {[%clk 1:21:47]} Qc7
{[%clk 1:13:19]} 11. O-O {[%clk 1:17:22]} b6 {[%clk 1:11:33]} 12. Qg4
{[%clk 1:10:26]} g5 {[%clk 0:55:23]} 13. Qh3 {[%clk 1:07:34]} Rg8
{[%clk 0:46:06]} 14. Re1 {[%clk 0:55:35]} g4 {[%clk 0:13:09]} 15. Qxh6
{[%clk 0:55:46]} gxf3 {[%clk 0:13:29]} 16. Rxe6+ {[%clk 0:56:06]} fxe6
{[%clk 0:13:58]} 17. Qxe6+ {[%clk 0:55:57]} Be7 {[%clk 0:14:21]} 18. Qxg8+
{[%clk 0:56:14]} Nf8 {[%clk 0:14:47]} 19. Bc4 {[%clk 0:40:32]} Qd6
{[%clk 0:13:38]} 20. Qf7+ {[%clk 0:40:57]} Kd8 {[%clk 0:13:48]} 21. Qxf3
{[%clk 0:41:21]} Bd7 {[%clk 0:11:56]} 22. c3 {[%clk 0:32:01]} Ng6
{[%clk 0:12:25]} 23. Bd2 {[%clk 0:26:26]} Kc7 {[%clk 0:12:41]} 24. Re1
{[%clk 0:26:51]} Rf8 {[%clk 0:11:54]} 25. Qg3 {[%clk 0:27:15]} Qxg3
{[%clk 0:11:01]} 26. hxg3 {[%clk 0:26:44]} Bd6 {[%clk 0:11:16]} 27. Bd3
{[%clk 0:21:43]} Ne7 {[%clk 0:10:34]} 28. Bg5 {[%clk 0:16:31]} Nd5
{[%clk 0:09:58]} 29. Bc4 {[%clk 0:16:56]} a5 {[%clk 0:08:24]} 30. Bxd5
{[%clk 0:14:14]} cxd5 {[%clk 0:08:52]} 31. Be7 {[%clk 0:14:38]} Rg8
{[%clk 0:06:30]} 32. a3 {[%clk 0:13:56]} a4 {[%clk 0:05:50]} 33. Bxd6+
{[%clk 0:11:18]} Kxd6 {[%clk 0:06:19]} 34. Re5 {[%clk 0:11:10]} Kc6
{[%clk 0:06:15]} 35. Kh2 {[%clk 0:09:34]} Rh8+ {[%clk 0:06:39]} 36. Kg1
{[%clk 0:10:01]} Rg8 {[%clk 0:07:04]} 37. Kh2 {[%clk 0:10:28]} Rh8+
{[%clk 0:02:00]} 38. Kg1 {[%clk 0:10:07]} Rg8 {[%clk 0:01:27]} 1/2-1/2

[Event "Moscow Open A,B"]
[Site "?"]
[Date "2017.02.01"]
[Round "5.9"]
[White "Goganov, Aleksey"]
[Black "Zakhartsov, Vladimir"]
[Result "1/2-1/2"]
[BlackElo "2453"]
[WhiteElo "2639"]
[LiveChessVersion "1.4.8"]

1. d4 {[%clk 1:30:56]} Nf6 {[%clk 1:29:08]} 2. c4 {[%clk 1:31:21]} e6
{[%clk 1:29:07]} 3. Nf3 {[%clk 1:31:45]} b6 {[%clk 1:29:20]} 4. g3
{[%clk 1:32:10]} Ba6 {[%clk 1:29:24]} 5. Qb3 {[%clk 1:32:31]} Nc6
{[%clk 1:28:36]} 6. Nbd2 {[%clk 1:32:52]} Na5 {[%clk 1:28:41]} 7. Qa4
{[%clk 1:33:07]} c5 {[%clk 1:28:44]} 8. dxc5 {[%clk 1:32:51]} bxc5
{[%clk 1:29:07]} 9. Bg2 {[%clk 1:32:51]} Bb7 {[%clk 1:24:35]} 10. O-O
{[%clk 1:32:42]} Be7 {[%clk 1:24:36]} 11. Re1 {[%clk 1:33:06]} Bc6
{[%clk 1:23:07]} 12. Qa3 {[%clk 1:20:47]} d6 {[%clk 1:18:10]} 13. Qc3
{[%clk 1:15:39]} O-O {[%clk 1:17:55]} 14. a3 {[%clk 1:13:02]} Nd7
{[%clk 1:15:20]} 15. Rb1 {[%clk 1:12:27]} d5 {[%clk 1:14:30]} 16. cxd5
{[%clk 1:10:54]} Bxd5 {[%clk 1:14:14]} 17. e4 {[%clk 1:02:20]} Bb7
{[%clk 1:14:27]} 18. b3 {[%clk 1:02:29]} Bf6 {[%clk 1:08:06]} 19. e5
{[%clk 1:01:51]} Be7 {[%clk 1:08:25]} 20. Ne4 {[%clk 0:44:36]} Bd5
{[%clk 1:07:19]} 21. Bf4 {[%clk 0:39:20]} Rb8 {[%clk 1:02:14]} 22. Nfd2
{[%clk 0:38:01]} Nc6 {[%clk 0:58:55]} 23. Nc4 {[%clk 0:36:01]} Nd4
{[%clk 0:58:15]} 24. h4 {[%clk 0:34:12]} Nb6 {[%clk 0:54:04]} 25. Ncd6
{[%clk 0:32:06]} Na4 {[%clk 0:53:59]} 26. Qd3 {[%clk 0:30:49]} Rxb3
{[%clk 0:44:20]} 27. Rxb3 {[%clk 0:30:57]} Nxb3 {[%clk 0:41:20]} 28. Ng5
{[%clk 0:30:40]} Bxg5 {[%clk 0:41:37]} 29. Bxd5 {[%clk 0:27:24]} exd5
{[%clk 0:41:03]} 30. Bxg5 {[%clk 0:24:43]} Qa5 {[%clk 0:40:38]} 31. Rb1
{[%clk 0:20:37]} c4 {[%clk 0:40:06]} 32. Qf5 {[%clk 0:20:12]} Qc7
{[%clk 0:33:14]} 33. Bf6 {[%clk 0:07:11]} gxf6 {[%clk 0:30:46]} 34. Re1
{[%clk 0:03:59]} Nac5 {[%clk 0:04:23]} 35. exf6 {[%clk 0:04:19]} Ne6
{[%clk 0:04:49]} 36. Rxe6 {[%clk 0:03:35]} fxe6 {[%clk 0:05:14]} 37. Qxe6+
{[%clk 0:03:33]} Rf7 {[%clk 0:05:18]} 38. Qe8+ {[%clk 0:03:54]} Rf8
{[%clk 0:05:47]} 39. Qe6+ {[%clk 0:04:18]} Rf7 {[%clk 0:06:14]} 40. Qe8+
{[%clk 0:31:49]} Rf8 {[%clk 0:36:34]} 1/2-1/2

[Event "Moscow Open A,B"]
[Site "?"]
[Date "2017.02.01"]
[Round "5.10"]
[White "Shevchenko, Kirill"]
[Black "Khismatullin, Denis"]
[Result "1/2-1/2"]
[BlackElo "2639"]
[WhiteElo "2453"]
[LiveChessVersion "1.4.8"]

1. e4 {[%clk 1:30:58]} c5 {[%clk 1:26:57]} 2. Nf3 {[%clk 1:31:21]} d6
{[%clk 1:27:22]} 3. d4 {[%clk 1:31:48]} cxd4 {[%clk 1:27:49]} 4. Nxd4
{[%clk 1:32:14]} Nf6 {[%clk 1:28:14]} 5. Nc3 {[%clk 1:32:37]} a6 {[%clk 1:28:42]}
6. Be3 {[%clk 1:33:02]} Ng4 {[%clk 1:29:05]} 7. Bg5 {[%clk 1:33:07]} h6
{[%clk 1:29:29]} 8. Bh4 {[%clk 1:33:32]} g5 {[%clk 1:29:29]} 9. Bg3
{[%clk 1:33:56]} Bg7 {[%clk 1:30:22]} 10. Qd2 {[%clk 1:34:03]} Nc6
{[%clk 1:30:25]} 11. Nb3 {[%clk 1:34:27]} b5 {[%clk 1:30:28]} 12. h4
{[%clk 1:34:27]} b4 {[%clk 1:30:11]} 13. Nd5 {[%clk 1:34:27]} Bxb2
{[%clk 1:29:21]} 14. Rb1 {[%clk 1:34:22]} gxh4 {[%clk 1:29:19]} 15. Bxh4
{[%clk 1:34:22]} Bg7 {[%clk 1:27:35]} 16. Rc1 {[%clk 1:24:45]} Nge5
{[%clk 1:17:09]} 17. f3 {[%clk 1:08:10]} Be6 {[%clk 1:05:31]} 18. c3
{[%clk 1:03:10]} a5 {[%clk 0:51:49]} 19. Bb5 {[%clk 1:03:10]} O-O
{[%clk 0:44:46]} 20. Bxc6 {[%clk 0:43:52]} Nxc6 {[%clk 0:44:46]} 21. cxb4
{[%clk 0:43:52]} Bxd5 {[%clk 0:42:17]} 22. exd5 {[%clk 0:43:52]} Nxb4
{[%clk 0:37:59]} 23. a3 {[%clk 0:39:18]} Na6 {[%clk 0:07:07]} 24. Nxa5
{[%clk 0:21:16]} Qd7 {[%clk 0:07:07]} 25. Nc6 {[%clk 0:21:16]} Rfe8
{[%clk 0:06:26]} 26. Bf2 {[%clk 0:12:12]} Nc5 {[%clk 0:04:48]} 27. Bxc5
{[%clk 0:12:12]} dxc5 {[%clk 0:04:48]} 28. Rxc5 {[%clk 0:12:12]} Qd6
{[%clk 0:04:48]} 29. Rc2 {[%clk 0:12:12]} e6 {[%clk 0:04:48]} 30. O-O
{[%clk 0:08:56]} exd5 {[%clk 0:03:59]} 31. Qb4 {[%clk 0:07:10]} Qg6
{[%clk 0:02:07]} 32. Rfc1 {[%clk 0:04:51]} Qg5 {[%clk 0:02:00]} 33. Qd2
{[%clk 0:04:51]} Qf5 {[%clk 0:02:00]} 34. Rc5 {[%clk 0:04:51]} Rxa3
{[%clk 0:00:56]} 35. Rxd5 {[%clk 0:04:19]} Qe6 {[%clk 0:00:56]} 36. Rd6
{[%clk 0:04:19]} Qb3 {[%clk 0:00:38]} 37. Nd4 {[%clk 0:02:41]} Qe3+
{[%clk 0:00:32]} 38. Qxe3 {[%clk 0:03:06]} Raxe3 {[%clk 0:00:55]} 39. Nf5
{[%clk 0:03:27]} R3e6 {[%clk 0:01:03]} 40. Rxe6 {[%clk 0:33:08]} Rxe6
{[%clk 0:30:53]} 1/2-1/2